Ampliación de la planta hidroeléctrica de Carillos de Poás: Estudio de factibilidad
Furkejuvvon:
| Váldodahkki: | |
|---|---|
| Materiálatiipa: | Girji |
| Almmustuhtton: |
San José, Costa Rica
1990
|
| Fáttát: | |
| Fáddágilkorat: |
Lasit fáddágilkoriid
Eai fáddágilkorat, Lasit vuosttaš fáddágilkora!
|
MARC
| LEADER | 00000nam a2200000Ia 4500 | ||
|---|---|---|---|
| 003 | 004984 | ||
| 005 | 20221231144332.0 | ||
| 008 | 140114s1990 c a m 000 ||s d | ||
| 040 | |c cru CEDI | ||
| 090 | |a TFG 2358 | ||
| 100 | |a Sancho Chaves, Jorge Luis |9 8756 | ||
| 245 | |a Ampliación de la planta hidroeléctrica de Carillos de Poás: Estudio de factibilidad | ||
| 260 | |c 1990 |a San José, Costa Rica | ||
| 300 | |a xiii, 128 hojas : ilustraciones ; 28 cm | ||
| 500 | |a Proyecto de graduación (bachillerato en ingenieria eléctrica)-- Universidad deCosta Rica. Facultad de Ingeniería. Escuela de Ingenieria Eléctrica | ||
| 650 | |x PLANTA HIDROELECTRICA DE CARRILLOS DE POAS (COSTA RICA) - ASPECTOS ECONOMICOS |x TURBINAS |9 12985 | ||
| 942 | |c TFG | ||
| 999 | |c 20339 |d 20339 | ||
